[Event "Provincial-ch Xixona"]
[Site "Xixona"]
[Date "2014.09.27"]
[Round "1.3"]
[White "Perez Pardo, Sergio Ivan"]
[Black "Cano Gimenez, Vicente"]
[Result "0-1"]
[WhiteElo "1923"]
[BlackElo "2265"]
[PlyCount "72"]
[EventDate "2014.09.27"]
[EventType "swiss"]
[EventRounds "7"]
[EventCountry "ESP"]
[SourceTitle "EXT 2024"]
[Source "ChessBase"]
[SourceDate "2023.10.10"]
[SourceVersion "1"]
[SourceVersionDate "2023.10.10"]
[SourceQuality "1"]

1. e4 c5 2. Nf3 g6 3. d4 cxd4 4. Nxd4 Nc6 5. c4 Nf6 6. Nc3 d6 7. Be2 Nxd4 8. Qxd4 Bg7 9. Be3 0-0 10. Qd2 Be6 11. Rc1 Qa5 12. b3 Rfc8 13. f3 Nd7 14. 0-0 a6 15. Bd4 Rc7 16. Rc2 Rac8 17. Rfc1 Qb4 18. Bxg7 Kxg7 19. Qd4+ Kg8 20. Kf2 b5 21. Ke3 bxc4 22. Nd5 Bxd5 23. exd5 Nb6 24. bxc4 Rc5 25. Bd3 Qa3 26. Ke2 Nd7 27. f4 Nf6 28. f5 Qa4 29. Qb2 Nd7 30. fxg6 hxg6 31. Rc3 Ne5 32. Ra3 Qd7 33. Qd4 e6 34. Rxa6 exd5 35. Rf1 dxc4 36. Rf6 cxd3+ 0-1

[Event "Benidorm Nuevas Generaciones U16 8th"]
[Site "Benidorm"]
[Date "2012.12.08"]
[Round "6"]
[White "Perez Pardo, Sergio Ivan"]
[Black "Gonzalez Fernandez, Pedro"]
[Result "1-0"]
[WhiteElo "1845"]
[BlackElo "1761"]
[PlyCount "31"]
[EventDate "2012.12.05"]
[EventType "swiss"]
[EventRounds "7"]
[EventCountry "ESP"]
[SourceTitle "EXT 2022"]
[Source "ChessBase"]
[SourceDate "2021.10.06"]
[SourceVersion "1"]
[SourceVersionDate "2021.10.06"]
[SourceQuality "1"]

1. e4 e6 2. d4 d5 3. Nc3 Nf6 4. Bg5 Bb4 5. e5 h6 6. Bd2 Bxc3 7. bxc3 Ne4 8. Bd3 Nxd2 9. Qxd2 c5 10. f4 Nc6 11. Nf3 0-0 12. 0-0 Qa5 13. Rfd1 b6 14. Kh1 Ba6 15. Qe3 Qxc3 16. Bh7+ 1-0

[Event "Benidorm Nuevas Generaciones U16 8th"]
[Site "Benidorm"]
[Date "2012.12.06"]
[Round "3"]
[White "Garcia Castany Musellas, Gal La"]
[Black "Perez Pardo, Sergio Ivan"]
[Result "1-0"]
[WhiteElo "1993"]
[BlackElo "1845"]
[PlyCount "81"]
[EventDate "2012.12.05"]
[EventType "swiss"]
[EventRounds "7"]
[EventCountry "ESP"]
[SourceTitle "EXT 2022"]
[Source "ChessBase"]
[SourceDate "2021.10.06"]
[SourceVersion "1"]
[SourceVersionDate "2021.10.06"]
[SourceQuality "1"]

1. e4 c5 2. Nf3 e6 3. g3 d5 4. exd5 Qxd5 5. Nc3 Qd8 6. d4 cxd4 7. Qxd4 Qxd4 8. Nxd4 a6 9. Bg2 e5 10. Nb3 Nc6 11. Be3 Bb4 12. 0-0-0 Bxc3 13. bxc3 Bd7 14. Nc5 0-0-0 15. Nxd7 Rxd7 16. Bh3 Nf6 17. Rd2 Kc7 18. Bxd7 Nxd7 19. Rhd1 Ndb8 20. Bc5 Re8 21. Rd5 f6 22. a4 b6 23. Bd6+ Kc8 24. Bxb8 Nxb8 25. a5 bxa5 26. Rxa5 Kc7 27. Kb2 h6 28. Kb3 Re6 29. c4 Nc6 30. Ra2 Nd4+ 31. Kc3 Rd6 32. Rd3 Kb6 33. Rb2+ Kc5 34. Rb7 g5 35. Rc7+ Kb6 36. Rh7 a5 37. Rxh6 a4 38. f4 gxf4 39. gxf4 Ne2+ 40. Kb4 Nd4 41. c5+ 1-0

[Event "Valencia-ch U18"]
[Site "Valencia"]
[Date "2012.04.13"]
[Round "5"]
[White "Perez Pardo, Sergio Ivan"]
[Black "Palomo Ruiperez, Bruno"]
[Result "1-0"]
[WhiteElo "1760"]
[BlackElo "1574"]
[PlyCount "109"]
[EventDate "2012.04.11"]
[EventType "swiss"]
[EventRounds "6"]
[EventCountry "ESP"]
[SourceTitle "CBM 147 Extra"]
[Source "ChessBase"]
[SourceDate "2012.04.24"]
[SourceVersion "1"]
[SourceVersionDate "2012.04.24"]
[SourceQuality "1"]

1. e4 c5 2. Nf3 d6 3. d4 cxd4 4. Nxd4 Nf6 5. Nc3 a6 6. Bc4 e6 7. Bb3 Nbd7 8. 0-0 Nc5 9. Bg5 Be7 10. Qe2 Qc7 11. Kh1 Nxb3 12. axb3 h6 13. Bh4 0-0 14. Bg3 Bd7 15. f4 Qc5 16. Rad1 Nh5 17. Be1 Nf6 18. f5 e5 19. Nf3 Bc6 20. Bh4 Rac8 21. Bxf6 Bxf6 22. Rf2 Rc7 23. Nd5 Bxd5 24. Rxd5 Qb6 25. Ne1 Rfc8 26. Rf3 Qb4 27. Rfd3 Rc6 28. g3 Bg5 29. h4 Bc1 30. c4 Bxb2 31. Nc2 Qb6 32. Kg2 a5 33. Rb5 Qa6 34. Ne3 Bc1 35. Nd5 Kf8 36. Qe1 b6 37. Qxc1 Qxb5 38. f6 Re8 39. Qf1 Qa6 40. fxg7+ Kxg7 41. Qf6+ Kg8 42. Qxh6 Re6 43. Nf6+ Rxf6 44. Qxf6 Qb7 45. Rd5 a4 46. h5 Qa8 47. h6 Qf8 48. bxa4 Rxc4 49. Rxd6 Rc2+ 50. Kf3 Rc3+ 51. Ke2 Rc2+ 52. Kd1 Rc8 53. Qxe5 Rc5 54. Qf6 Rc8 55. Rd7 1-0

[Event "Benidorm op U2200 10th"]
[Site "Benidorm"]
[Date "2011.12.06"]
[Round "5"]
[White "Muratet Casadevall, Elias"]
[Black "Perez Pardo, Sergio Ivan"]
[Result "1/2-1/2"]
[WhiteElo "1923"]
[BlackElo "1699"]
[PlyCount "91"]
[EventDate "2011.12.02"]
[EventType "swiss"]
[EventRounds "10"]
[EventCountry "ESP"]
[SourceTitle "CBM 145 Extra"]
[Source "ChessBase"]
[SourceDate "2012.01.03"]
[SourceVersion "1"]
[SourceVersionDate "2012.01.03"]
[SourceQuality "1"]

1. d4 Nf6 2. h3 e6 3. Bf4 b6 4. Nf3 Bb7 5. e3 c5 6. c3 Be7 7. Be2 Ne4 8. 0-0 0-0 9. Nbd2 f5 10. Nxe4 Bxe4 11. Bd3 Bb7 12. Be2 d6 13. Qb3 Bd5 14. Bc4 Bxc4 15. Qxc4 d5 16. Qe2 Nc6 17. a3 c4 18. Ne5 Nxe5 19. Bxe5 Bd6 20. Bxd6 Qxd6 21. f4 b5 22. Rfb1 a5 23. Kh1 b4 24. g4 Rab8 25. cxb4 axb4 26. a4 b3 27. gxf5 exf5 28. Rc1 Rf6 29. Qf3 Qe6 30. a5 Qe4 31. Kg2 Qxf3+ 32. Kxf3 Ra6 33. Ra4 Kf7 34. Ke2 Rb5 35. Rca1 Ke6 36. Kd2 Kd6 37. Kc3 Ke6 38. h4 g6 39. Rb4 Raxa5 40. Rxa5 Rxa5 41. Rb6+ Kf7 42. Rb7+ Kf6 43. Rxh7 Ra1 44. Rd7 Rc1+ 45. Kb4 Ke6 46. Rg7 1/2-1/2

[Event "Almansa op-B 6th"]
[Site "Almansa"]
[Date "2011.08.09"]
[Round "1.3"]
[White "Tonus, Alex"]
[Black "Perez Pardo, Sergio Ivan"]
[Result "1-0"]
[WhiteElo "1993"]
[BlackElo "1657"]
[PlyCount "175"]
[EventDate "2011.08.09"]
[EventType "swiss"]
[EventRounds "9"]
[EventCountry "ESP"]
[SourceTitle "EXT 2024"]
[Source "ChessBase"]
[SourceDate "2023.10.10"]
[SourceVersion "1"]
[SourceVersionDate "2023.10.10"]
[SourceQuality "1"]

1. e4 c5 2. Nf3 e6 3. d4 cxd4 4. Nxd4 a6 5. Bd3 Qc7 6. Nc3 Nc6 7. Be3 Bb4 8. 0-0 Bxc3 9. bxc3 Nf6 10. f4 d6 11. c4 Nb4 12. Qe2 Nxd3 13. cxd3 0-0 14. Kh1 Bd7 15. a4 Bc6 16. Rfc1 Qa5 17. Rcb1 Rfb8 18. Qb2 h6 19. h3 d5 20. Nxc6 bxc6 21. Bb6 Rxb6 22. Qxb6 Qd2 23. Qxc6 Rf8 24. cxd5 exd5 25. Qc1 Qxd3 26. exd5 Qxd5 27. Qf1 Ne4 28. Qf3 Qd4 29. Re1 f5 30. Qe3 Qf6 31. Rab1 Qh4 32. Kg1 Rc8 33. Rbc1 Rd8 34. Red1 Rb8 35. Rc2 Rb4 36. a5 Rb5 37. Ra1 Qf6 38. Qa3 Qd4+ 39. Kh2 Nd6 40. Rf1 Kh7 41. Qa2 Qd3 42. Rfc1 Rb3 43. Kh1 Ne4 44. Rb1 Ra3 45. Qb2 Qg3 46. Rf1 Rxa5 47. Qc1 Rb5 48. Rf3 Qh4 49. Qa1 Rb6 50. Ra2 Qf6 51. Qxf6 Rxf6 52. Rfa3 Nc5 53. Ra5 Nd3 54. g3 Re6 55. Kg2 Nb4 56. Rb2 Nd3 57. Rd2 Nb4 58. Rxf5 Kg6 59. Ra5 Kf6 60. Kf3 Rc6 61. Rb2 Nd3 62. Rb7 Nc5 63. Ra7 g6 64. g4 g5 65. f5 Ke5 66. Ke3 Kf6 67. Rh7 Ke5 68. Rh8 Kd5 69. Re8 Kc4 70. Rb8 Kd5 71. Kf3 Kd6 72. Ra8 Kd5 73. Kg3 Kc4 74. Rb8 Ne4+ 75. Kf3 Nc5 76. Ra2 Kc3 77. Rh2 a5 78. h4 a4 79. hxg5 hxg5 80. Rh1 Nb3 81. Ra8 Kb4 82. Rh2 Rc3+ 83. Ke4 Rc4+ 84. Kf3 Rc3+ 85. Ke4 Rc4+ 86. Ke5 Rxg4 87. f6 Rf4 88. Ke6 1-0